| 000 | 00662nam a22002057a 4500 | ||
|---|---|---|---|
| 999 |
_c14440 _d14440 |
||
| 003 | AR-CdUCM | ||
| 008 | 190423b ||||| |||| 00| 0 spa d | ||
| 020 | _a978-9974-710-37-5 | ||
| 040 |
_aMUNICIPALIDAD PROVINCIAL DEL CUSCO _cBIBLIOTECA MUNICIPAL DEL CUSCO |
||
| 082 |
_aPI / 376.1 / _bL28 |
||
| 110 |
_aLatinbooks _933213 |
||
| 245 | _aCaricias animales de la selva / | ||
| 260 |
_aMontevideo : _bLatinbooks, _c2016. |
||
| 300 |
_a8 paginas ; _bIlustraciones, _c16 cm. |
||
| 650 |
_aCuentos de animales _933214 |
||
| 650 |
_aNarraciones para niƱos (as) _933215 |
||
| 650 |
_aCuentos de la selva _933216 |
||
| 942 |
_2ddc _cLIBROS |
||
| 945 |
_awnts _d2019-04-23 |
||